[Event "Thessaloniki White Tower op-A 44th"]
[Site "Thessaloniki"]
[Date "2024.01.05"]
[Round "5"]
[White "Theodoridis, Charalampos"]
[Black "Galanis, Nikolaos Panagiotis"]
[Result "1-0"]
[WhiteElo "1835"]
[BlackElo "1812"]
[PlyCount "141"]
[EventDate "2024.01.02"]
[EventType "swiss"]
[EventRounds "9"]
[EventCountry "GRE"]
[SourceTitle "CB02_2024"]
[SourceDate "2024.01.10"]
[SourceVersion "1"]
[SourceVersionDate "2024.01.10"]
[SourceQuality "1"]

1. d4 Nf6 2. c4 g6 3. Nc3 Bg7 4. Nf3 0-0 5. Bf4 d6 6. e3 Nc6 7. Be2 Bf5 8. Bd3 Bxd3 9. Qxd3 Qe8 10. Bg5 Rc8 11. Bxf6 Bxf6 12. a3 Nd8 13. h4 c5 14. d5 Qd7 15. h5 Qg4 16. Rh2 b5 17. cxb5 c4 18. Qc2 Nb7 19. hxg6 hxg6 20. Ne4 Bg7 21. Nd4 Nc5 22. f3 Qd7 23. Nxc5 Rxc5 24. a4 Rxd5 25. Qxc4 Rc5 26. Qd3 Qc7 27. Kf2 Rd5 28. Qe4 Re5 29. Qc6 Qa5 30. Qc3 Qxc3 31. bxc3 Rc5 32. Ra3 Rfc8 33. Rh1 Rxc3 34. Rxc3 Rxc3 35. Nc6 Rc2+ 36. Kg3 a6 37. Nb4 Rc4 38. Nxa6 Rxa4 39. Rb1 d5 40. f4 g5 41. b6 gxf4+ 42. exf4 e5 43. b7 exf4+ 44. Kf3 Be5 45. b8Q+ Bxb8 46. Nxb8 Kg7 47. Rd1 Rb4 48. Nd7 Rb7 49. Rxd5 Kg6 50. Kxf4 Rb4+ 51. Kg3 Rb3+ 52. Kh4 Rb4+ 53. g4 Rb1 54. Rg5+ Kh6 55. Rf5 Kg7 56. Rg5+ Kh6 57. Rf5 Rh1+ 58. Kg3 Rg1+ 59. Kh3 Kg7 60. Ne5 f6 61. Nd7 Rh1+ 62. Kg2 Rh6 63. Kg3 Rg6 64. Kf4 Rh6 65. Rh5 Rxh5 66. gxh5 Kh6 67. Nxf6 Kg7 68. Kg5 Kh8 69. Ng4 Kg8 70. Kg6 Kh8 71. Ne5 1-0

[Event "Thessaloniki White Tower op-A 44th"]
[Site "Thessaloniki"]
[Date "2024.01.02"]
[Round "1"]
[White "Melikhov, Evgeny V"]
[Black "Galanis, Nikolaos Panagiotis"]
[Result "1/2-1/2"]
[WhiteElo "2192"]
[BlackElo "1812"]
[PlyCount "128"]
[EventDate "2024.01.02"]
[EventType "swiss"]
[EventRounds "9"]
[EventCountry "GRE"]
[SourceTitle "CB02_2024"]
[SourceDate "2024.01.10"]
[SourceVersion "1"]
[SourceVersionDate "2024.01.10"]
[SourceQuality "1"]

1. d4 Nf6 2. c4 g6 3. Nc3 Bg7 4. e4 d6 5. f3 0-0 6. Be3 Nfd7 7. Qd2 c5 8. Nge2 Nc6 9. d5 Nce5 10. Ng3 h5 11. Be2 b5 12. Nxb5 Nb6 13. Rc1 h4 14. Nf1 Bd7 15. b3 f5 16. exf5 gxf5 17. Bh6 Rf6 18. Bxg7 Kxg7 19. f4 Nf7 20. Nc3 Qh8 21. g4 fxg4 22. Ne4 Rg6 23. Ne3 Nh6 24. Qc3+ Kg8 25. Qxh8+ Kxh8 26. Kd2 Rf8 27. Rcf1 e6 28. Rhg1 exd5 29. cxd5 Nf5 30. Rxg4 Rxg4 31. Nxg4 Nxd5 32. Bc4 Nb6 33. Nef6 Bc6 34. Be6 Nd4 35. f5 Nf3+ 36. Ke3 Nxh2 37. Nxh2 Rxf6 38. Rf4 Nd5+ 39. Bxd5 Bxd5 40. Rxh4+ Kg7 41. Kf4 Rh6 42. Rxh6 Kxh6 43. Ng4+ Kg7 44. Ne3 Bf7 45. Ke4 Kf6 46. Nd5+ Kg5 47. Nc3 Kf6 48. Nb5 d5+ 49. Kf4 a6 50. Nc3 a5 51. Na4 c4 52. bxc4 dxc4 53. Nc3 Be8 54. Nd5+ Kf7 55. Ke5 Bc6 56. Ne3 c3 57. Kd4 Kf6 58. Kxc3 Be4 59. Kb3 Bxf5 60. Ka4 Be6 61. a3 Ke5 62. Kxa5 Kd4 63. Nd1 Bb3 64. Nb2 Ke5 1/2-1/2

[Event "Thessaloniki White Tower op-A 2nd"]
[Site "Thessaloniki"]
[Date "2023.01.07"]
[Round "8"]
[White "Kuru, Atilla"]
[Black "Galanis, Nikolaos Panagiotis"]
[Result "1-0"]
[WhiteElo "2054"]
[BlackElo "1774"]
[PlyCount "127"]
[EventDate "2023.01.02"]
[EventType "swiss"]
[EventRounds "9"]
[EventCountry "GRE"]
[SourceTitle "CBM 212 Extra"]
[Source "ChessBase"]
[SourceDate "2023.03.31"]
[SourceVersion "1"]
[SourceVersionDate "2023.03.31"]
[SourceQuality "1"]

1. e4 e6 2. b3 d5 3. Bb2 c5 4. exd5 exd5 5. Nf3 Nc6 6. Bb5 Nf6 7. Qe2+ Be7 8. Bxf6 gxf6 9. 0-0 0-0 10. h3 Kh8 11. Re1 Be6 12. c4 d4 13. Bxc6 bxc6 14. Qe4 Rg8 15. Kh1 Qd7 16. Nh4 Rae8 17. Qd3 Rg5 18. Qf3 Reg8 19. d3 f5 20. Nd2 R5g7 21. Qh5 f4 22. Nhf3 f6 23. Nh4 Rg5 24. Qf3 f5 25. Qxf4 Bd6 26. Qf3 Bc7 27. Qe2 Re8 28. Ndf3 Rgg8 29. Qd2 f4 30. Kh2 Qg7 31. Re4 Qh6 32. Kh1 Ref8 33. Rae1 Bc8 34. b4 Bd8 35. g3 Bxh3 36. bxc5 Bg4 37. Kg1 Bxf3 38. Nxf3 Bc7 39. Re7 Bb8 40. Kg2 Qg6 41. Rh1 Rg7 42. Rxg7 Qxg7 43. Qe1 fxg3 44. fxg3 Qg4 45. Qf2 Be5 46. Rh4 Qg7 47. Re4 Bf6 48. Nxd4 Be5 49. Qe3 Qf6 50. Nf3 Bc3 51. d4 Ba5 52. Rf4 Qg7 53. Qe5 Rxf4 54. Qxg7+ Kxg7 55. gxf4 Bc3 56. Kf2 Kf6 57. Ke3 h5 58. Ke4 Bb4 59. Ne5 h4 60. Nxc6 h3 61. Kf3 Be1 62. Ne5 Bd2 63. c6 Bxf4 64. c7 1-0

[Event "Thessaloniki White Tower op-A 2nd"]
[Site "Thessaloniki"]
[Date "2023.01.05"]
[Round "5"]
[White "Kesidis, Odyseas"]
[Black "Galanis, Nikolaos Panagiotis"]
[Result "1-0"]
[WhiteElo "2233"]
[BlackElo "1774"]
[PlyCount "103"]
[EventDate "2023.01.02"]
[EventType "swiss"]
[EventRounds "9"]
[EventCountry "GRE"]
[SourceTitle "CBM 212 Extra"]
[Source "ChessBase"]
[SourceDate "2023.03.31"]
[SourceVersion "1"]
[SourceVersionDate "2023.03.31"]
[SourceQuality "1"]

1. e4 e6 2. d4 d5 3. e5 c5 4. c3 Nc6 5. Nf3 Qb6 6. Bd3 Nh6 7. dxc5 Bxc5 8. 0-0 Bd7 9. b4 Be7 10. Nbd2 Ng4 11. Qe2 Qc7 12. Re1 0-0-0 13. h3 Nh6 14. Nb3 f6 15. Bf4 f5 16. Bg5 Bxg5 17. Nxg5 Kb8 18. Nc5 Rhe8 19. a4 Bc8 20. a5 d4 21. Rac1 Qe7 22. f4 Nf7 23. Nxf7 Qxf7 24. Bb5 Qc7 25. Bxc6 Qxc6 26. cxd4 Qd5 27. Red1 Rg8 28. Qf3 Qxf3 29. gxf3 g5 30. fxg5 Rxg5+ 31. Kf2 Rh5 32. Ke3 b6 33. axb6 axb6 34. Nd3 Rxh3 35. Rh1 Rg3 36. Rcg1 Rdg8 37. Rxg3 Rxg3 38. Rxh7 Bb7 39. Ne1 Bd5 40. Kf2 Rg8 41. Nd3 Rc8 42. Nf4 Rc2+ 43. Kg3 Bb3 44. Re7 Rc4 45. Rxe6 Rxd4 46. Rxb6+ Kc7 47. Ne6+ Bxe6 48. Rxe6 Rxb4 49. Rf6 Kd7 50. f4 Re4 51. Rxf5 Ke6 52. Rf6+ 1-0

[Event "Thessaloniki White Tower op-A 2nd"]
[Site "Thessaloniki"]
[Date "2023.01.03"]
[Round "3"]
[White "Kourkoulos Arditis, Stamatis"]
[Black "Galanis, Nikolaos Panagiotis"]
[Result "0-1"]
[WhiteElo "2537"]
[BlackElo "1774"]
[PlyCount "100"]
[EventDate "2023.01.02"]
[EventType "swiss"]
[EventRounds "9"]
[EventCountry "GRE"]
[SourceTitle "CBM 212 Extra"]
[Source "ChessBase"]
[SourceDate "2023.03.31"]
[SourceVersion "1"]
[SourceVersionDate "2023.03.31"]
[SourceQuality "1"]

1. d4 Nf6 2. c4 g6 3. Nc3 Bg7 4. e4 0-0 5. Nf3 d6 6. Be2 Nc6 7. d5 Nb4 8. 0-0 a5 9. h3 Nd7 10. Be3 Na6 11. Qc2 Ndc5 12. Rad1 Qe8 13. Nd4 e5 14. dxe6 Nxe6 15. Ndb5 f5 16. exf5 gxf5 17. f4 Bd7 18. Rfe1 Qg6 19. Bf3 Bc6 20. Nd5 Rae8 21. Qf2 Qh6 22. b3 Bxb5 23. cxb5 Nac5 24. Kh1 Kh8 25. Qc2 Qg6 26. a3 Ne4 27. Bxe4 fxe4 28. g4 Qh6 29. Qh2 c6 30. bxc6 bxc6 31. f5 Qh4 32. Bf2 Qh6 33. fxe6 cxd5 34. Rxd5 Be5 35. Rxe5 dxe5 36. Qxe5+ Kg8 37. Kg2 Rxe6 38. Qd5 Qf6 39. Bg3 Rd8 40. Qxa5 Qf3+ 41. Kh2 Rd3 42. Qg5+ Rg6 43. Qf4 Rf6 44. Qg5+ Kh8 45. Rg1 e3 46. Rg2 e2 47. Qh4 Re6 48. Be1 Qf4+ 49. Kh1 Rh6 50. Rf2 Qe4+ 0-1

[Event "GRE-ch U20"]
[Site "Trikala"]
[Date "2022.08.29"]
[Round "7"]
[White "Galanis, Nikolaos Panagiotis"]
[Black "Margaritis, Ioannis M"]
[Result "1-0"]
[WhiteElo "1824"]
[BlackElo "1498"]
[PlyCount "45"]
[EventDate "2022.08.25"]
[EventType "swiss"]
[EventRounds "9"]
[EventCountry "GRE"]
[SourceTitle "CBM 210 Extra"]
[Source "ChessBase"]
[SourceDate "2022.11.30"]
[SourceVersion "1"]
[SourceVersionDate "2022.11.30"]
[SourceQuality "1"]

1. e4 c5 2. Nf3 d6 3. d4 cxd4 4. Nxd4 Nf6 5. Nc3 a6 6. Bg5 e6 7. f4 Be7 8. Qf3 Qc7 9. 0-0-0 Nbd7 10. g4 b5 11. Bxf6 Nxf6 12. g5 Nd7 13. f5 0-0 14. Qh5 b4 15. Rd3 bxc3 16. Rh3 Bxg5+ 17. Qxg5 Qb6 18. bxc3 Qc5 19. Rg1 Qe5 20. Qh6 Rd8 21. Qxh7+ Kf8 22. Qh8+ Ke7 23. Nc6+ 1-0

[Event "GRE-ch U20"]
[Site "Trikala"]
[Date "2022.08.25"]
[Round "1"]
[White "Moysidis, Anastasios"]
[Black "Galanis, Nikolaos Panagiotis"]
[Result "1/2-1/2"]
[WhiteElo "1310"]
[BlackElo "1824"]
[PlyCount "84"]
[EventDate "2022.08.25"]
[EventType "swiss"]
[EventRounds "9"]
[EventCountry "GRE"]
[SourceTitle "CBM 210 Extra"]
[Source "ChessBase"]
[SourceDate "2022.11.30"]
[SourceVersion "1"]
[SourceVersionDate "2022.11.30"]
[SourceQuality "1"]

1. d4 Nf6 2. c4 g6 3. Nc3 Bg7 4. e4 0-0 5. Bd3 Nc6 6. Nge2 e5 7. d5 Nd4 8. Nxd4 exd4 9. Ne2 Re8 10. f3 c5 11. 0-0 d6 12. Bc2 Bd7 13. Bf4 Qb6 14. Qd3 Nh5 15. Bd2 f5 16. Nf4 Nxf4 17. Bxf4 Be5 18. Qd2 Bxf4 19. Qxf4 Rf8 20. exf5 Bxf5 21. Bxf5 Rxf5 22. Qh4 Re8 23. Rae1 Re3 24. Rxe3 dxe3 25. Re1 Re5 26. b3 Qa5 27. Re2 Qd2 28. Kf1 Qd1+ 29. Qe1 Qd4 30. Qc1 Qf4 31. Qc3 h5 32. h4 b6 33. a3 g5 34. hxg5 h4 35. Qd3 Kg7 36. Ke1 Qxg5 37. Kd1 Qf4 38. Kc2 a6 39. a4 a5 40. Kc3 Qf6 41. Kc2 Qg5 42. Kc3 Qf4 1/2-1/2

[Event "GRE-ch U18"]
[Site "Kavala"]
[Date "2022.04.30"]
[Round "7"]
[White "Tsarsitalidis, Christos"]
[Black "Galanis, Nikolaos Panagiotis"]
[Result "1-0"]
[WhiteElo "1869"]
[BlackElo "1825"]
[PlyCount "107"]
[EventDate "2022.04.26"]
[EventType "swiss"]
[EventRounds "9"]
[EventCountry "GRE"]
[SourceTitle "CBM 208 Extra"]
[Source "ChessBase"]
[SourceDate "2022.07.31"]
[SourceVersion "1"]
[SourceVersionDate "2022.07.31"]
[SourceQuality "1"]

1. e4 e6 2. d4 d5 3. Nd2 c5 4. exd5 Qxd5 5. Ngf3 cxd4 6. Bc4 Qd6 7. 0-0 Nf6 8. Nb3 Nc6 9. Nbxd4 Nxd4 10. Nxd4 a6 11. Be2 Be7 12. c3 e5 13. Nf3 Qc7 14. Qa4+ Bd7 15. Qc4 Bc6 16. Ng5 0-0 17. Bf3 Rac8 18. Bxc6 Qxc6 19. Qxc6 Rxc6 20. Re1 Nd7 21. Nf3 Bd6 22. Rd1 Nb6 23. b3 Re8 24. Bb2 f6 25. c4 Bc5 26. a3 Rd6 27. Rxd6 Bxd6 28. Bc3 Kf7 29. Nd2 f5 30. b4 Na4 31. Rc1 Nxc3 32. Rxc3 Rd8 33. Rc2 Ke6 34. Kf1 Be7 35. Ke2 g5 36. Nb3 b6 37. f3 h5 38. h3 Rd7 39. Rc3 Rd8 40. Rc2 Rd7 41. c5 bxc5 42. Rxc5 Rd6 43. Rc8 Kf6 44. Nc5 g4 45. hxg4 hxg4 46. fxg4 Rd5 47. Nxa6 fxg4 48. Nc7 Rd4 49. b5 Bxa3 50. b6 Re4+ 51. Kd3 Rd4+ 52. Kc3 Bb2+ 53. Kxb2 Rb4+ 54. Kc3 1-0

[Event "GRE-ch U16"]
[Site "Patras"]
[Date "2021.07.02"]
[Round "1"]
[White "Galanis, Nikolaos Panagiotis"]
[Black "Stefanou, Dimitrios"]
[Result "0-1"]
[WhiteElo "1633"]
[BlackElo "2099"]
[PlyCount "116"]
[EventDate "2021.07.02"]
[EventType "swiss"]
[EventRounds "7"]
[EventCountry "GRE"]
[SourceTitle "EXT 2023"]
[Source "ChessBase"]
[SourceDate "2022.10.05"]
[SourceVersion "1"]
[SourceVersionDate "2022.10.05"]
[SourceQuality "1"]

1. e4 e5 2. Nf3 Nc6 3. Bc4 Bc5 4. c3 Nf6 5. d3 0-0 6. 0-0 d5 7. exd5 Nxd5 8. Re1 Bg4 9. Nbd2 Nb6 10. Bb3 Qxd3 11. Bc2 Bxf3 12. gxf3 Qd8 13. Qe2 f5 14. Nc4 Bd6 15. Kh1 Nxc4 16. Qxc4+ Kh8 17. Rg1 Qe8 18. Qh4 Nd8 19. Be3 Ne6 20. Rg3 Be7 21. Qh3 Nf4 22. Bxf4 exf4 23. Rg2 Qd7 24. Rag1 g5 25. Qh5 Qe8 26. Qh6 Qg6 27. Qh3 h6 28. Re1 Bd6 29. Rgg1 Kg7 30. Re2 Rf6 31. Rge1 h5 32. Qg2 g4 33. Bb3 Raf8 34. Re6 b6 35. Rxf6 Rxf6 36. a4 a5 37. Bc4 Rf8 38. Re6 Qg5 39. fxg4 hxg4 40. Qd5 f3 41. Qd4+ Kh7 42. Qe3 Qh4 43. Rxd6 cxd6 44. Qe6 Qf6 45. Qd7+ Kh8 46. Qb7 Qe5 47. Bf1 Re8 48. Qxb6 Qc5 49. Qb5 Qxb5 50. axb5 Re1 51. Kg1 Rb1 52. b4 axb4 53. cxb4 Rxb4 54. h3 Kg7 55. hxg4 fxg4 56. Kh2 Kf6 57. Kg3 Kg5 58. Bd3 d5 0-1

[Event "GRE-chT Online Rapid op 1st"]
[Site "Tornelo INT"]
[Date "2021.02.21"]
[Round "8.22"]
[White "Antonoglou, Christos"]
[Black "Galanis, Nikolaos Panagiotis"]
[Result "0-1"]
[WhiteElo "1877"]
[BlackElo "1633"]
[PlyCount "116"]
[EventDate "2021.02.20"]
[EventType "team-swiss (rapid)"]
[EventRounds "9"]
[EventCountry "GRE"]
[SourceTitle "EXT 2023"]
[Source "ChessBase"]
[SourceDate "2022.10.05"]
[SourceVersion "1"]
[SourceVersionDate "2022.10.05"]
[SourceQuality "1"]

1. e4 c5 2. Ne2 e6 3. d3 g6 4. g3 Bg7 5. Bg2 Ne7 6. 0-0 0-0 7. c4 Nbc6 8. Nbc3 a6 9. Bg5 h6 10. Be3 d6 11. d4 cxd4 12. Nxd4 Ne5 13. b3 Qa5 14. Rc1 Bd7 15. h3 Rfd8 16. Qd2 Kh7 17. Rfd1 N5c6 18. Kh2 Rac8 19. h4 Nxd4 20. Bxd4 Nc6 21. Bxg7 Kxg7 22. Qf4 e5 23. Qe3 Be6 24. f4 Nd4 25. Nd5 Bxd5 26. exd5 Re8 27. Qf2 Nf5 28. Bh3 Nd4 29. f5 f6 30. fxg6 Rc7 31. Rf1 Rf8 32. g4 Qc5 33. g5 hxg5 34. hxg5 f5 35. Rh1 e4 36. Rcd1 Nf3+ 37. Kg2 Qxf2+ 38. Kxf2 Kxg6 39. Bg2 Nxg5 40. Rdg1 Kf6 41. Bf1 Nf3 42. Rh6+ Ke5 43. Rgg6 Rd7 44. Be2 Nd4 45. Bh5 f4 46. Bg4 e3+ 47. Ke1 Nf5 48. Re6+ Kd4 49. Bxf5 Rxf5 50. Rhf6 Rxf6 51. Rxf6 Ke4 52. Re6+ Kf3 53. Rf6 Rh7 54. Kd1 e2+ 55. Kd2 Re7 56. Re6 Rxe6 57. dxe6 Kf2 58. e7 e1Q+ 0-1

[Event "GRE-chT Online Rapid op 1st"]
[Site "Tornelo INT"]
[Date "2021.02.21"]
[Round "7.14"]
[White "Galanis, Nikolaos Panagiotis"]
[Black "Tepelenis, Nikolaos"]
[Result "0-1"]
[WhiteElo "1633"]
[BlackElo "2096"]
[PlyCount "48"]
[EventDate "2021.02.20"]
[EventType "team-swiss (rapid)"]
[EventRounds "9"]
[EventCountry "GRE"]
[SourceTitle "EXT 2023"]
[Source "ChessBase"]
[SourceDate "2022.10.05"]
[SourceVersion "1"]
[SourceVersionDate "2022.10.05"]
[SourceQuality "1"]

1. e4 c5 2. Nf3 Nc6 3. Bb5 e6 4. 0-0 Nge7 5. c3 d5 6. e5 a6 7. Bxc6+ Nxc6 8. d4 b5 9. Bg5 Qc7 10. Nbd2 h6 11. Be3 c4 12. b3 Be7 13. a4 Bb7 14. axb5 axb5 15. Rxa8+ Bxa8 16. b4 0-0 17. Qc2 Bb7 18. Ra1 Ra8 19. Rxa8+ Bxa8 20. Nf1 Qa7 21. h3 Qa1 22. Bc1 Nxb4 23. cxb4 Bxb4 24. Ne3 Ba3 0-1